000 00361 a2200169 4500
001 175336
020 _a85-16-00055-9
040 _cMagnum
100 _aChiavenato, Julio Jose
240 1 0 _aO massacre da natureza
_lpor
245 1 0 _aO massacre da natureza
300 _a136
362 0 _a1997
440 1 _aModerna
697 _aGEOGRAFIA
942 _cBK
999 _c175336
_d175336